000 00366nam a22001577a 4500
005 20200528095008.0
008 200528b xxu||||| |||| 00| 0 eng d
041 _aeng
082 _a340
100 _aBARE ACT
_95744
245 _aCODE OF CIVIL PROCEDURE
260 _aDELHI
_bPROFESSIONALS BOOK PUBLISHERS
300 _a640;p
650 _aLAW
_95701
942 _cBK
999 _c6549
_d6547